[Event "SVK-chT2A 0708"]
[Site "Slovakia"]
[Date "2007.12.01"]
[Round "5.8"]
[White "Gono, Michal"]
[Black "Danis, Jozef"]
[Result "1-0"]
[WhiteElo "1682"]
[BlackElo "1800"]
[PlyCount "81"]
[EventDate "2007.10.06"]
[EventType "team-tourn"]
[EventRounds "11"]
[EventCountry "SVK"]
[SourceTitle "EXT 2010"]
[Source "ChessBase"]
[SourceDate "2010.11.25"]
[SourceVersion "1"]
[SourceVersionDate "2010.11.25"]
[SourceQuality "1"]
[WhiteTeam "Piestany Kupele"]
[BlackTeam "Galanta"]
[WhiteTeamCountry "SVK"]
[BlackTeamCountry "SVK"]

1. d4 d5 2. c4 e6 3. Nc3 Nf6 4. Bg5 Nbd7 5. e3 Be7 6. Nf3 0-0 7. Rc1 a6 8. a3 h6 9. Bh4 dxc4 10. Bxc4 b5 11. Ba2 Bb7 12. 0-0 c5 13. dxc5 Nxc5 14. Nd4 Qb6 15. Bb1 Rfd8 16. Qe2 Rac8 17. Rfd1 g6 18. h3 e5 19. Nf3 Nb3 20. Rxd8+ Rxd8 21. Rd1 Bxf3 22. Qxf3 Nd2 23. Qe2 Nxb1 24. Rxb1 Qe6 25. Bxf6 Bxf6 26. e4 Rd4 27. Rd1 Be7 28. Nd5 Bc5 29. Rc1 Qd6 30. Qg4 f5 31. Qh4 fxe4 32. Ne3 Qf8 33. Qg4 Kg7 34. Qe6 Qd6 35. Qc8 Rc4 36. Nxc4 bxc4 37. Rxc4 Bxf2+ 38. Kxf2 Qd2+ 39. Kg1 Qe3+ 40. Kh1 Qe1+ 41. Kh2 1-0

[Event "SVK-chT3A2 0607"]
[Site "Slovakia"]
[Date "2006.10.29"]
[Round "3"]
[White "Liptak, Tomas"]
[Black "Danis, Jozef"]
[Result "0-1"]
[WhiteElo "1970"]
[BlackElo "1756"]
[PlyCount "46"]
[EventDate "2006.10.08"]
[EventType "team-tourn"]
[EventRounds "11"]
[EventCountry "SVK"]
[SourceTitle "EXT 2008"]
[Source "ChessBase"]
[SourceDate "2007.11.25"]
[SourceVersion "1"]
[SourceVersionDate "2007.11.25"]
[SourceQuality "1"]
[WhiteTeam "Cifer"]
[BlackTeam "Galanta"]
[WhiteTeamCountry "SVK"]
[BlackTeamCountry "SVK"]

1. e4 e5 2. Nf3 Nf6 3. Nxe5 d6 4. Nf3 Nxe4 5. d4 d5 6. Bd3 Be7 7. Nbd2 Nf6 8. Ne5 c5 9. 0-0 0-0 10. c3 Nc6 11. Ndf3 h6 12. Re1 cxd4 13. cxd4 Bb4 14. Re2 Qb6 15. Bf4 Bg4 16. Nxg4 Nxg4 17. a3 Be7 18. Qd2 Qd8 19. h3 Nf6 20. Bxh6 Ne4 21. Rxe4 dxe4 22. Bxe4 f5 23. Bxg7 Kxg7 0-1